书目信息 |
| 题名: |
生命的律动
|
|
| 作者: | 秋桦 主编 ;李亚美 编著 | |
| 分册: | ||
| 出版信息: | 天津 天津人民出版社 2001 |
|
| 页数: | 344页 | |
| 开本: | 20cm | |
| 丛书名: | 环球书系 | |
| 单 册: | ||
| 中图分类: | J11 , J709.1 | |
| 科图分类: | ||
| 主题词: | 音乐史--世界--通俗读物 , 舞蹈史--世界--通俗读物 , 音乐史 , 舞蹈史 , 艺术--世界 , 美术--世界 | |
| 电子资源: | ||
| ISBN: | 7-201-03691-2 | |
| 000 | 01004oam2 2200337 450 | |
| 001 | 1232023137 | |
| 005 | 20121019085424.46 | |
| 010 | @a7-201-03691-2@dCNY15.00 | |
| 100 | @a20010815d2001 em y0chiy0110 ea | |
| 101 | 0 | @achi |
| 102 | @aCN@b120000 | |
| 105 | @ag z 000yy | |
| 200 | 1 | @a生命的律动@Asheng ming de lv dong@f秋桦主编@g李亚美等编著 |
| 210 | @a天津@c天津人民出版社@d2001 | |
| 215 | @a344页@d20cm | |
| 225 | 2 | @a环球书系@i音乐舞蹈卷 |
| 330 | @a本书涉及古典音乐、现代音乐、流行音乐、歌剧、歌曲、从韵律中体味人生;芭蕾舞、现代舞、流行舞、民间舞,于跳跃中感受生命…… | |
| 461 | 0 | @12001 @a环球书系 |
| 462 | 0 | @12001 @a音乐舞蹈卷 |
| 606 | 0 | @a音乐史@y世界@j通俗读物 |
| 606 | 0 | @a舞蹈史@y世界@j通俗读物 |
| 606 | 0 | @a音乐史 |
| 606 | 0 | @a舞蹈史 |
| 606 | 0 | @a艺术@x世界 |
| 606 | 0 | @a美术@x世界 |
| 690 | @aJ11@v4 | |
| 690 | @aJ709.1@v4 | |
| 701 | 0 | @a秋桦@Aqiu hua@4主编 |
| 702 | 0 | @a李亚美@Ali ya mei@4编著 |
| 801 | 0 | @aCN@bNLC@c20101222 |
| 905 | @a10447@dJ11@eJY11 | |
| 生命的律动/秋桦主编/李亚美等编著.-天津:天津人民出版社,2001 |
| 344页;20cm.-(环球书系.音乐舞蹈卷) |
| ISBN 7-201-03691-2:CNY15.00 |
| 本书涉及古典音乐、现代音乐、流行音乐、歌剧、歌曲、从韵律中体味人生;芭蕾舞、现代舞、流行舞、民间舞,于跳跃中感受生命…… |
| ● |
| 相关链接 |
|
|
|
|
正题名:生命的律动
索取号:J11/JY11
 
预约/预借
| 序号 | 登录号 | 条形码 | 馆藏地/架位号 | 状态 | 备注 |
| 1 | 7833641 | 278336418 | 学院路分馆/ [索取号:J11/JY11] | 在馆 | |
| 2 | 7833642 | 278336427 | 学院路分馆/ [索取号:J11/JY11] | 在馆 | |
| 3 | 7833643 | 278336436 | 学院路分馆/ [索取号:J11/JY11] | 在馆 | |
| 4 | 7833644 | 278336445 | 学院路分馆/ [索取号:J11/JY11] | 在馆 |